000 00575nam a2200241 a 4500
001 nice12345678
003 IN_TiNIC
005 20260116012316.0
008 050524s1984 dela grp 000 0 eng
020 _a
_c15
082 0 0 _a181.4
_bGAN
100 _aGangadhar, D A
245 _aMahatma Gandhi`s Philosophy of Brahmacharya.
260 _aDelhi
_bISPCK
_c1984
300 _a71p
500 _aincludes index and biblioraphy
505 2 _aIndex
650 _aPhilosophy-Hindu
700 1 _aGangadhar, D A
902 _bSRS
942 _cBK
999 _c6489
_d6489